| 000 | 00754nam a2200229Ia 4500 | ||
|---|---|---|---|
| 003 | OSt | ||
| 005 | 20250603091311.0 | ||
| 008 | 210716s2013 xx 000 0 und d | ||
| 020 | _a9781259097317 | ||
| 040 | _cAIMIT LIBRARY | ||
| 041 | _aeng | ||
| 082 |
_a658.4092 _21 _bULRD |
||
| 100 |
_aUlrich, Dave. _9212381 |
||
| 245 |
_aLeadership sustainability: _bseven disciplines to achieve the changes great leader know they must make / _cBy Dave Ulrich and Norm Smallwood. |
||
| 250 | _a1st ed. | ||
| 260 |
_aNew Delhi : _bMcgraw Hill Companies,Inc , _c2013. |
||
| 300 |
_axv,264p. ; _bPB _c23 cm. |
||
| 650 |
_aSimplicity _9212382 |
||
| 650 |
_aAccountability _9212383 |
||
| 700 |
_aSmallwood, Norm. _9212384 |
||
| 942 |
_2ddc _cBK _e1st ed _k658.4092 ULRD |
||
| 999 |
_c209344 _d209344 |
||